La construcción de la realidad social
সংরক্ষণ করুন:
| প্রধান লেখক: | |
|---|---|
| বিন্যাস: | গ্রন্থ |
| ভাষা: | স্প্যানিশ |
| প্রকাশিত: |
Barcelona, España.
Paidos,
1997
|
| মালা: | Paidos Básica,
|
| বিষয়গুলি: | |
| ট্যাগগুলো: |
ট্যাগ যুক্ত করুন
কোনো ট্যাগ নেই, প্রথমজন হিসাবে ট্যাগ করুন!
|
MARC
| LEADER | 00000nam a2200000 a 4500 | ||
|---|---|---|---|
| 001 | UCP0196 | ||
| 003 | CL-VaPUC | ||
| 005 | 20211124074152.0 | ||
| 008 | 990305e19970000SP |||||||||||||||||spa|d | ||
| 999 | |c 279036 |d 279034 | ||
| 020 | |a 978-8449304217 | ||
| 040 | |c Pontificia Universidad Católica de Valparaíso | ||
| 082 | 0 | 4 | |a 121 SEA 1997 |2 21 |
| 100 | 0 | |a Searle, John R |e author |9 425183 | |
| 245 | 1 | 3 | |a La construcción de la realidad social |
| 260 | |a Barcelona, España. |b Paidos, |c 1997 | ||
| 300 | |a 236 páginas | ||
| 440 | |a Paidos Básica, |n 85 |9 857095 | ||
| 583 | |a last modification |c 20140410 12:15:02 |k Rodrigo Vera | ||
| 650 | 0 | |a Filosofía del lenguaje |9 257082 | |
| 650 | 0 | |a Teoría del conocimiento |9 255038 | |
| 650 | 0 | |a Teoría del lenguaje |9 402255 | |
| 650 | 0 | |a Realismo |9 259117 | |
| 650 | 0 | |a Verdad |9 313815 | |
| 650 | 0 | |a Filosofía |9 223554 | |
| 650 | 0 | |a Metafísica |9 265649 | |
| 852 | |a BIBGIM | ||
| 942 | |c BK |2 ddc | ||
| 945 | |d 19990305 00:00:00 |a aarredon | ||
| 952 | |0 0 |1 0 |2 ddc |4 0 |6 121_000000000000000_SEA_1997 |7 0 |8 A |9 143363 |a BIBGIM |b BIBGIM |d 2019-11-04 |e 2 |g 143271.00 |i 5565669 |o 121 SEA 1997 |p 5565669 |r 2025-01-15 |v 143271.00 |w 2019-11-04 |y BK |k SSL | ||
| 952 | |0 0 |1 0 |4 0 |6 121_000000000000000_SEA_1997 |7 0 |8 A |9 317933 |a FDOPOS |b FDOPOS |d 2019-11-20 |i 3493490 |o 121 SEA 1997 |p 3493490 |r 2025-01-22 |w 2019-11-20 |y BK |k MLA | ||